<?xml version="1.0" encoding="UTF-8"?>
<marc:record xmlns:marc="http://www.loc.gov/MARC21/slim">
   <marc:leader>00000nam a2200000 a 4500</marc:leader>
   <marc:datafield ind1="1" ind2=" " tag="100">
      <marc:subfield code="a">Read, Piers Paul</marc:subfield>
      <marc:subfield code="4">aut</marc:subfield>
      <marc:subfield code="e">Verfasser/-in</marc:subfield>
   </marc:datafield>
   <marc:datafield ind1="0" ind2="0" tag="245">
      <marc:subfield code="a">Überleben</marc:subfield>
   </marc:datafield>
   <marc:datafield ind1="0" ind2="0" tag="245">
      <marc:subfield code="b">Die wahre Geschichte des Flugzeugabsturzes in den Anden</marc:subfield>
   </marc:datafield>
   <marc:datafield ind1=" " ind2="1" tag="264">
      <marc:subfield code="b">riva Verlag</marc:subfield>
      <marc:subfield code="c">2012</marc:subfield>
   </marc:datafield>
   <marc:datafield ind1="1" ind2=" " tag="520">
      <marc:subfield code="a">Am 12. Oktober 1972 stürzt eine Chartermaschine mit einem uruguayischen Rugbyteam sowie deren Freunden und Angehörigen an Board mitten in den schneebedeckten Gipfeln der Anden ab. 3657 Meter über dem Meeresspiegel müssen die Überlebenden den Kampf gegen den Tod aufnehmen - ohne Nahrungsmittel und ohne Hoffnung auf Hilfe. Sie müssen eiskalte Temperaturen und tödliche Lawinen überstehen, um dann zu erfahren, dass die Suche nach ihnen aufgegeben wurde. Daraufhin wagen drei von ihnen den lebensgefährlichen und heimtückischen Abstieg, um doch noch Hilfe zu finden. Währenddessen müssen die Zurückgebliebenen eine unfassbare Entscheidung treffen, um das eigene Überleben zu sichern...</marc:subfield>
   </marc:datafield>
   <marc:datafield ind1=" " ind2=" " tag="020">
      <marc:subfield code="a">9783868832624</marc:subfield>
      <marc:subfield code="9">9783868832624</marc:subfield>
   </marc:datafield>
</marc:record>
